[Event "Alcorcon Spring op-B 1st"]
[Site "Alcorcon"]
[Date "2019.03.31"]
[Round "2"]
[White "Fernandez Lopez, Jose Carlos"]
[Black "Soto Perez Cejuela, Helena"]
[Result "0-1"]
[WhiteElo "1744"]
[BlackElo "1311"]
[PlyCount "44"]
[EventDate "2019.03.24"]
[EventType "swiss"]
[EventRounds "9"]
[EventCountry "ESP"]
[SourceTitle "EXT 2020"]
[Source "ChessBase"]
[SourceDate "2019.10.17"]
[SourceVersion "1"]
[SourceVersionDate "2019.10.17"]
[SourceQuality "1"]

1. e4 c6 2. Nf3 d5 3. d3 Bg4 4. Be2 Nd7 5. Nd4 Bxe2 6. Qxe2 e6 7. b3 dxe4 8. dxe4 Ngf6 9. f3 Bc5 10. Bb2 0-0 11. Qd3 Ne5 12. Nxe6 Nxd3+ 13. cxd3 fxe6 14. b4 Bxb4+ 15. Bc3 Bxc3+ 16. Nxc3 Qxd3 17. Rc1 Qe3+ 18. Kd1 Rad8+ 19. Kc2 Rd2+ 20. Kb3 Qb6+ 21. Ka3 Rb2 22. Na4 Qb4# 0-1